Visualizzazione normale
Vista MARC
- Debussy Claude
di Personal Name
Records bibliografici associati: 1
001 - CONTROL NUMBER
- control field: 9983
003 - CONTROL NUMBER IDENTIFIER
- control field: IT-RoPau
005 - DATE AND TIME OF LATEST TRANSACTION
- control field: 20140121175459.0
008 - FIXED-LENGTH DATA ELEMENTS
- fixed length control field: 140121|| aca||aabn | a|a d
040 ## - CATALOGING SOURCE
- Original cataloging agency: IT-RoPau
- Transcribing agency: IT-RoPau
100 ## - HEADING--PERSONAL NAME
- Personal name: Debussy Claude
- Relator term: Autore musica
- Miscellaneous information: Codice autore musica SPICS: 7486
- Name of part/section of a work: String Quartet in g minor op 10
670 ## - SOURCE DATA FOUND
- Source citation: Work cat.: (IT-RoPau)102896: AA.VV. 794, String Quartet in fa major (Ravel) & g minor op. 10 (Debussy)